[Event "Individual"]
[Site "?"]
[Date "2000.05.20"]
[Round "4"]
[White "Eustace, D"]
[Black "Easton, R"]
[Result "0-1"]
[WhiteElo "1619"]
[BlackElo "1716"]
[PlyCount "41"]
[EventDate "2000.??.??"]

1. e4 c5 2. Nf3 Nc6 3. d4 cxd4 4. Nxd4 g6 5. Be3 Bg7 6. Nc3 e6 7. Bc4 a6 8. Qd2
8... b5 { } 9. Ncxb5 axb5 10. Nxb5 Ba6 11. Nd6+ Kf8 12. Bc5 Nge7 13. Qf4 { }
13... Qa5+ 14. c3 f5 15. exf5 gxf5 16. Nxf5 16... Qxc5 { } 17. Nxe7+ Kxe7 18.
Bxa6 Rxa6 19. Qc7 Be5 20. Qb7 Rb6 21. Qa7 0-1

[Event "Dragons-Aces"]
[Site "?"]
[Date "2000.05.11"]
[Round "1"]
[White "Ludwig,T"]
[Black "Reyes, R"]
[Result "0-1"]
[WhiteElo "2071"]
[BlackElo "2350"]
[PlyCount "50"]
[EventDate "2000.??.??"]

1. c4 Nf6 2. Nc3 d5 3. cxd5 Nxd5 4. e4 Nxc3 5. bxc3 g6 6. Bc4 Bg7 7. f4 O-O 8.
Nf3 c5 9. O-O Nc6 10. a4 Na5 11. Ba2 c4 12. Rb1 b6 13. Rb4 13... Ba6 { } 14. d4
cxd3 15. Bd2 Rc8 16. Nd4 Nc6 17. Nxc6 Rxc6 18. Bd5 Rc5 19. Qb3 19... Qc7 { }
20. f5 Bxc3 21. Bxf7+ { } 21... Kg7 22. Bf4 Be5 23. fxg6 Bxf4 24. e5 Be3+ 25.
Kh1 25... Rc8 { } 0-1

[Event "Aces-Dragons"]
[Site "?"]
[Date "2000.05.11"]
[Round "1"]
[White "Sagalovsky, L"]
[Black "Tegel, T"]
[Result "0-1"]
[WhiteElo "1995"]
[BlackElo "2102"]
[PlyCount "56"]
[EventDate "2000.??.??"]

1. e4 d6 2. d4 Nf6 3. Nc3 g6 4. f4 Bg7 5. Nf3 O-O 6. h3 Na6 7. Bc4 c5 8. O-O
cxd4 9. Nxd4 9... Nc5 { } 10. e5 Ne8 11. b4 dxe5 12. fxe5 Bxe5 13. Nd5 Ne6 14.
Bb2 { } 14... Bxd4+ 15. Bxd4 Nxd4 16. Qxd4 e6 17. Nf6+ Nxf6 18. Qxf6 Qxf6 19.
Rxf6 Kg7 20. Raf1 Bd7 21. R6f4 Rac8 22. Rd4 Rc7 23. Rfd1 23... Bc8 { } 24. Bb3
b5 25. c4 bxc4 26. Bxc4 26... Bb7 { } 27. Bxe6 fxe6 28. Rd7+ Rf7 0-1

[Event "Dragons-Aces"]
[Site "?"]
[Date "2000.05.11"]
[Round "1"]
[White "Altshuller, D"]
[Black "Czerniecki, K"]
[Result "0-1"]
[WhiteElo "1728"]
[BlackElo "1969"]
[PlyCount "99"]
[EventDate "2000.??.??"]

1. e4 d6 2. d4 Nf6 3. Nc3 g6 4. Nf3 Bg7 5. Bc4 O-O 6. Be3 Nxe4 7. Bxf7+ Rxf7 8.
Nxe4 Bg4 9. Neg5 Rf8 10. h3 Bxf3 11. Nxf3 Nc6 12. Qd2 12... e5 { } 13. d5 Nd4
14. Nxd4 exd4 15. Bxd4 Bxd4 16. Qxd4 Qg5 17. O-O Rae8 18. Rae1 18... b6 { } 19.
Re6 Rxe6 20. dxe6 Qf6 21. Qxf6 Rxf6 22. Re1 Kf8 23. e7+ Ke8 24. f3 Rf7 25. Kf2
Rxe7 26. Rxe7+ Kxe7 27. Ke3 Kf6 28. f4 { } 28... d5 29. g4 c5 30. c3 a5 31. a4
Ke6 32. Kd3 h5 33. Ke3 Kf6 34. Kd3 h4 35. Kc2 35... Ke6 { } 36. b4 cxb4 37.
cxb4 axb4 38. Kb3 d4 39. Kxb4 Kd5 40. f5 gxf5 41. gxf5 { } 41... Ke5 42. Kc4
Kxf5 43. Kxd4 Kf4 44. Kd3 Kf3 45. Kd4 Kg2 46. Ke3 Kh2 47. Kf2 47... Kxh3 { }
48. Kg1 Kg3 49. Kh1 Kf3 50. Kh2 0-1

[Event "Aces-Dragons"]
[Site "?"]
[Date "2000.05.11"]
[Round "1"]
[White "Golla, R"]
[Black "Blackmon, E"]
[Result "0-1"]
[WhiteElo "1861"]
[BlackElo "1786"]
[PlyCount "56"]
[EventDate "2000.??.??"]

1. Nf3 c5 2. g3 Nf6 3. Bg2 Nc6 4. d3 d5 5. O-O Bf5 6. a4 e6 7. Nh4 Bg6 8. c3
Be7 9. Na3 Ng4 10. Nxg6 hxg6 11. h3 11... Nge5 { } 12. f4 Nd7 13. Qc2 g5 14. f5
Qc7 15. fxe6 fxe6 16. Rf3 O-O-O 17. Nb5 Qb8 18. d4 18... a6 { } 19. e4 Rdf8 20.
exd5 Rxf3 21. dxc6 Qxg3 22. cxd7+ 22... Kd8 { } 23. Qe2 Rhf8 24. Bxg5 Bxg5 25.
Qxe6 Be3+ 26. Kh1 { } 26... Rf1+ 27. Rxf1 Rxf1+ 28. Bxf1 Qg1# 0-1

[Event "BankAm-UOP"]
[Site "?"]
[Date "2000.05.09"]
[Round "1"]
[White "Kras, T"]
[Black "Stevanovic, M"]
[Result "0-1"]
[WhiteElo "2207"]
[BlackElo "2213"]
[PlyCount "80"]
[EventDate "2000.??.??"]

1. d4 g6 2. e4 Bg7 3. c4 e6 4. Nc3 Ne7 5. Nf3 d5 6. Bg5 h6 7. Bh4 dxe4 8. Nxe4
g5 9. Bg3 9... f5 { } 10. Be5 O-O 11. Nc3 Ng6 12. Bxg7 Kxg7 13. Be2 g4 14. Ne5
Nxe5 15. dxe5 Qg5 16. g3 Nc6 17. h4 Qe7 18. Qd2 18... Qc5 { } 19. Qe3 Qxe3 20.
fxe3 Nxe5 21. O-O-O Bd7 22. Rhf1 Bc6 23. Rd4 Rfd8 24. Rfd1 Nf7 25. Rxd8 Rxd8
26. Rxd8 Nxd8 27. Kd2 27... Kf6 { } 28. b4 Be8 29. a3 c6 30. Bd3 e5 31. a4 Ne6
32. Ne2 Bf7 33. Kc3 Bg6 34. Bc2 f4 35. exf4 exf4 36. gxf4 Bxc2 37. Kxc2 { }
37... Kf5 38. Kd2 Nxf4 39. Ng3+ Ke5 40. Kc3 40... Ne6 { } 0-1

[Event "UOP-BankAm"]
[Site "?"]
[Date "2000.05.09"]
[Round "1"]
[White "Buerger, E"]
[Black "Jasaitis, A"]
[Result "1/2-1/2"]
[WhiteElo "2056"]
[BlackElo "2133"]
[PlyCount "90"]
[EventDate "2000.??.??"]

1. d4 f5 2. c4 Nf6 3. Nc3 e6 4. g3 Bb4 5. Bg2 O-O 6. Nf3 Ne4 7. Qb3 Qe7 8. O-O
Bxc3 9. bxc3 d6 10. Nd2 Nxd2 11. Bxd2 11... Nc6 { } 12. e4 e5 13. exf5 exd4 14.
c5+ Kh8 15. Bxc6 bxc6 16. cxd4 Bxf5 17. Rfe1 17... Qf6 { } 18. Qe3 Bg6 19. Qf4
Qd8 20. Qg5 Qxg5 21. Bxg5 Rf5 22. Be7 Rd5 23. Rad1 Re8 24. cxd6 cxd6 25. Re6 { 
} 25... c5 26. Rxd6 Rxd4 27. R6xd4 cxd4 28. Bc5 d3 29. Rd2 Re2 30. Be3 30... a5
{ } 31. Kf1 Rxd2 32. Bxd2 a4 33. a3 Kg8 34. Ke1 Bf7 35. Bc1 Bb3 36. Kd2 Bc2 37.
Ke3 Kf7 38. Ke4 g6 39. Be3 39... Ke6 { } 40. Kd4 Kf5 41. f3 g5 42. Bd2 g4 43.
f4 Bb1 44. Ba5 Bc2 45. Bd2 Bb1 1/2-1/2

[Event "BankAm-UOP"]
[Site "?"]
[Date "2000.05.09"]
[Round "1"]
[White "Friesema, B"]
[Black "Sajbel, P"]
[Result "1-0"]
[WhiteElo "2054"]
[BlackElo "1913"]
[PlyCount "77"]
[EventDate "2000.??.??"]

1. e4 c6 2. d3 d5 3. Nd2 e5 4. g3 Nf6 5. Bg2 Be6 6. Ngf3 Nbd7 7. Ng5 Bg4 8. f3
Bh5 9. Qe2 h6 10. Nh3 Qc7 11. Nb3 O-O-O 12. Bd2 { } 12... g5 13. Nf2 Nc5 14. h4
gxh4 15. g4 Bg6 16. Rxh4 Ne6 17. O-O-O { } 17... dxe4 18. Nxe4 Nd5 19. Qf2 Qb6
20. Qxb6 axb6 21. Rdh1 Nef4 22. Bf1 Bg7 23. c3 f5 24. gxf5 Bxf5 25. c4 Ng6 26.
Rh5 Bxe4 27. dxe4 Ndf4 28. R5h2 { } 28... h5 29. Rg1 Rd6 30. Bxf4 exf4 31. Bh3+
Kc7 32. Rhg2 32... Bd4 { } 33. Nxd4 Rxd4 34. Rxg6 Rxc4+ 35. Kb1 b5 36. Rg7+
36... Kb8 { } 37. Rg8+ Rxg8 38. Rxg8+ Kc7 39. Rg5 1-0

[Event "UOP-BankAm"]
[Site "?"]
[Date "2000.05.09"]
[Round "1"]
[White "Boldingh, E"]
[Black "Fraats, D"]
[Result "1-0"]
[WhiteElo "1846"]
[BlackElo "1842"]
[PlyCount "35"]
[EventDate "2000.??.??"]

1. e4 c5 2. d4 cxd4 3. c3 dxc3 4. Nxc3 Nc6 5. Nf3 g6 6. Bc4 Bg7 7. O-O Nf6 8.
Qe2 8... O-O { } 9. e5 Ng4 10. Bf4 d6 11. Rad1 Qa5 12. exd6 exd6 13. Bxd6 Rd8
14. Rd5 { } 14... Bxc3 15. Rxa5 Bxa5 16. Bf4 Bb4 17. Bg5 h6 18. Bxd8 1-0

[Event "BankAm-UOP"]
[Site "?"]
[Date "2000.05.09"]
[Round "1"]
[White "Bargerstock, D"]
[Black "Lechnick, J"]
[Result "1-0"]
[WhiteElo "1815"]
[BlackElo "1820"]
[PlyCount "143"]
[EventDate "2000.??.??"]

1. d4 e6 2. Nf3 b6 3. e3 Bb7 4. Bd3 Nf6 5. Nbd2 c5 6. c3 Nc6 7. O-O Rc8 8. Qe2
Ba8 9. Rd1 cxd4 10. exd4 Bd6 11. Ne4 Nxe4 12. Bxe4 Ne7 13. Bxa8 13... Rxa8 { }
14. d5 Bb8 15. dxe6 fxe6 16. Ne5 Qc7 17. Bf4 { } 17... d6 18. Qb5+ Kf8 19. Nd7+
Kf7 20. Nxb8 Qxb8 21. Bxd6 Qe8 22. Qxe8+ Rhxe8 23. Bxe7 Rxe7 24. Rd6 Rc8 25.
Rad1 Rc5 26. Kf1 Rb5 27. R1d2 Ra5 28. a3 Rb5 29. b4 Re5 30. Re2 Rh5 31. h3
31... Rh4 { } 32. Re3 Rc4 33. Ke2 Rec7 34. Kd2 Re7 35. Kd3 Rec7 36. Kc2 Rf4 37.
f3 Re7 38. Re4 Rf5 39. Kd3 g6 40. Kd4 h5 41. Re5 Rf4+ 42. Re4 Rf5 43. Ke3 Rc7
44. c4 44... Re7 { } 45. Rf4 Rc7 46. Rdd4 e5 47. Rxf5+ gxf5 48. Rd5 Rxc4 49.
Rxe5 Rc3+ 50. Kf4 Rxa3 51. Rxf5+ 51... Kg6 { } 52. Rb5 Rc3 53. h4 Rc6 54. g4
hxg4 55. fxg4 a6 56. h5+ Kh6 57. Re5 Rf6+ 58. Kg3 58... Rc6 { } 59. b5 axb5 60.
Rxb5 Re6 61. Kh4 Rc6 62. g5+ Kg7 63. h6+ Kg6 64. Kg4 Re6 65. Kf4 Rc6 66. Ke4 { 
} 66... Kh7 67. Kf5 Rd6 68. Re5 Rd7 69. Kf6 69... Rb7 { } 70. Re7+ Rxe7 71.
Kxe7 b5 72. Kf7 1-0

[Event "UOP-BankAm"]
[Site "?"]
[Date "2000.05.09"]
[Round "1"]
[White "Arond, D"]
[Black "Paraoan, E"]
[Result "1-0"]
[WhiteElo "1689"]
[BlackElo "1677"]
[PlyCount "157"]
[EventDate "2000.??.??"]

1. e4 d6 2. d4 Nd7 3. Nf3 c6 4. c4 Qc7 5. Nc3 e5 6. Be2 Be7 7. O-O h6 8. Be3
Ngf6 9. h3 Nf8 10. Rc1 Ng6 11. Qd2 Bd7 12. a3 a5 13. dxe5 dxe5 14. Qc2 14...
O-O { } 15. Na4 c5 16. Nc3 b6 17. Nd5 Nxd5 18. exd5 Qd6 19. Nh2 f5 20. Bh5 Rf6
21. Rce1 f4 22. Bd2 Raf8 23. Bg4 Bxg4 24. Nxg4 24... Rf5 { } 25. f3 Bh4 26. Re2
h5 27. Nf2 Bxf2+ 28. Rfxf2 Qf6 29. Rf1 29... Rg5 { } 30. Be1 h4 31. b4 axb4 32.
axb4 cxb4 33. Bxb4 Rc8 34. Qe4 Qf5 35. Qxf5 Rxf5 36. Rc1 Kf7 37. Ra2 Rc7 38.
Kf2 Rb7 39. Rca1 Rc7 40. Ra7 Rxa7 41. Rxa7+ Kg8 42. Ra8+ 42... Kh7 { } 43. d6
Nf8 44. Ra7 Ne6 45. Rb7 Kg6 46. Re7 Nd8 47. Re8 47... Nc6 { } 48. d7 Rf7 49.
Re6+ Kf5 50. Rxc6 Rxd7 51. Rxb6 Rc7 52. c5 g5 53. Rd6 Rb7 54. Rb6 Rc7 55. c6
Ke6 56. Ra6 Kd5 57. Ba5 Rxc6 58. Rxc6 Kxc6 59. Bd8 { } 59... Kd5 60. Bxg5 Ke6
61. Bxh4 Kf5 62. g4+ fxg3+ 63. Bxg3 Ke6 64. Ke3 Kf5 65. h4 Ke6 66. Ke4 Kf6 67.
Bxe5+ Kg6 68. Bg3 Kf6 69. Kf4 Kg6 70. Kg4 Kh6 71. Bf4+ Kg6 72. Bh6 Kf7 73. Bd2
Kg7 74. Kg5 Kf8 75. Kg6 Kg8 76. f4 Kf8 77. f5 Kg8 78. f6 Kf8 79. f7 1-0

[Event "UOP"]
[Site "?"]
[Date "2000.05.09"]
[Round "?"]
[White "Van Zile, C"]
[Black "Micklich, F"]
[Result "0-1"]
[WhiteElo "1317"]
[BlackElo "1617"]
[PlyCount "44"]
[EventDate "2000.??.??"]

1. e4 g6 2. d4 Bg7 3. Nf3 d6 4. h3 c5 5. dxc5 Qa5+ 6. Nbd2 Qxc5 7. c3 Bd7 8. a4
Qc7 9. Nd4 a6 10. N2f3 Nf6 11. Ng5 O-O 12. Bd3 d5 13. Be3 dxe4 14. Nxe4 Nd5 15.
Qf3 Nxe3 16. Qxe3 e5 17. Nf3 f5 18. Qc5 Bc6 19. Bc4+ Kh8 20. Nxe5 Qxe5 21. Qxe5
Bxe5 22. f3 fxe4 0-1

[Event "Knights-Exemplars"]
[Site "?"]
[Date "2000.05.17"]
[Round "1"]
[White "Fridman, Y"]
[Black "Benesa, A"]
[Result "0-1"]
[WhiteElo "2007"]
[BlackElo "2252"]
[PlyCount "102"]
[EventDate "2000.??.??"]

1. e4 c5 2. Nf3 d6 3. d4 cxd4 4. Nxd4 Nf6 5. Nc3 a6 6. Be2 Nbd7 7. Be3 e6 8.
O-O b5 9. f4 Bb7 10. Bf3 Qc7 11. a3 Nb6 12. Re1 12... Nc4 { } 13. Bc1 Be7 14.
Kh1 Rc8 15. Qd3 h5 16. h3 Ng4 17. Re2 Qc5 18. Nd1 Bf6 19. c3 Qc7 20. b3 Nb6 21.
Kg1 { } 21... Bxd4+ 22. cxd4 Nf6 23. Bb2 Nbd7 24. Rc1 Qb6 25. Rxc8+ Bxc8 26.
Ne3 Bb7 27. Kh2 h4 28. f5 e5 29. Nd5 Bxd5 30. exd5 O-O 31. dxe5 dxe5 32. Bxe5
32... Nxe5 { } 33. Qc3 Nxf3+ 34. Qxf3 Qd6+ 35. Kg1 Qxd5 36. Qxd5 Nxd5 37. Re4
Rc8 38. a4 bxa4 39. Rxa4 Rc6 40. Rxh4 { } 40... Kf8 41. Ra4 Ke7 42. Kf2 Kf6 43.
Ra5 Ke5 44. g4 Rb6 45. g5 45... Ke4 { } 46. h4 Rd6 47. h5 Kxf5 48. h6 gxh6 49.
gxh6 Kg6 50. Kf3 Kxh6 51. Ke4 Nc3+ 0-1

[Event "Exemplars-MotKnights"]
[Site "?"]
[Date "2000.05.18"]
[Round "1"]
[White "Inumerable, F"]
[Black "Samelson, C"]
[Result "1-0"]
[WhiteElo "2277"]
[BlackElo "1919"]
[PlyCount "89"]
[EventDate "2000.??.??"]

1. d4 e6 2. c4 Nf6 3. a3 c5 4. d5 d6 5. Nc3 Be7 6. e4 e5 7. Bd3 O-O 8. Nge2 Ne8
9. O-O f5 10. exf5 Bxf5 11. Bxf5 Rxf5 12. Ng3 Rf8 13. Nge4 Qd7 14. Bd2 Qf5 15.
Qb3 b6 16. Qa4 Qd7 17. Qc2 Qf5 18. Rae1 18... Nf6 { } 19. f4 Nxe4 20. Nxe4 Nd7
21. fxe5 Qxe5 22. Nf6+ Bxf6 23. Rxe5 23... Bxe5 {
Sometime around here, White found out he only needs to draw to win match.} 24.
Rxf8+ Rxf8 25. Be3 Nf6 26. h3 Nh5 27. b4 Ng3 28. Bf2 Nf5 29. bxc5 bxc5 30. Qd3
g6 31. g4 31... Nd4 { } 32. Bxd4 Bxd4+ 33. Kg2 Be5 34. g5 Rb8 35. Qe4 Rb3 36.
h4 Rg3+ 37. Kf2 Rxa3 38. Qg4 Bd4+ 39. Kf1 Ra1+ 40. Ke2 Ra2+ 41. Kd1 Ra1+ 42.
Kd2 Ra2+ 43. Kd1 43... Rf2 { } 44. Qe6+ Kg7 45. Qxd6 1-0

[Event "MotKinghts-Exemplars"]
[Site "?"]
[Date "2000.05.17"]
[Round "1"]
[White "Horton, D"]
[Black "Gazmen, B"]
[Result "1-0"]
[WhiteElo "1805"]
[BlackElo "2098"]
[PlyCount "137"]
[EventDate "2000.??.??"]

1. e4 g6 2. d4 c6 3. Nc3 Bg7 4. Be3 d6 5. f4 d5 6. e5 h5 7. Bd3 Nh6 8. h3 Bf5
9. Nf3 e6 10. Bf2 Na6 11. O-O Bxd3 12. Qxd3 12... Bf8 { } 13. Ne2 Be7 14. c3 h4
15. Nh2 Nf5 16. Ng4 Nc7 17. a4 Kf8 18. Ne3 Nxe3 19. Qxe3 Ne8 20. b4 b6 21. Qd3
Qc7 22. a5 b5 23. Nc1 Ng7 24. Nb3 a6 25. Nd2 Nf5 26. Nf3 Kg7 27. Nh2 Rag8 28.
Ng4 28... Kf8 { } 29. Be1 Qd8 30. Ne3 Ng7 31. Ra2 Rh5 32. Kh2 Ke8 33. Ng4 Kd7
34. Rf3 Nf5 35. Ne3 Ng7 36. Re2 Qf8 37. Rc2 Ne8 38. Kh1 Qh6 39. c4 bxc4 40.
Nxc4 { } 40... Nc7 41. Nb6+ Ke8 42. Qc3 Kf8 43. Qxc6 Nb5 44. Bf2 Kg7 45. Nd7
Rd8 46. Nc5 Bxc5 47. Rxc5 Rf5 48. Qxa6 { } 48... Rxf4 49. Be3 g5 50. Qxb5 Rxf3
51. gxf3 Qg6 52. Kg2 g4 53. fxg4 Qe4+ 54. Kf2 Rf8 55. Rc7 Kg6 56. Qf1 { } 56...
f5 57. Ke2 f4 58. Rc3 Rf7 59. Qf3 Qb1 60. Bxf4 Qxb4 61. Qd3+ Kg7 62. Bg5 Qb2+
63. Rc2 Qb1 64. Bf6+ Kh6 65. g5+ Kh5 66. g6 Rb7 67. Qf3+ Kxg6 68. Qg4+ Kh7 69.
Qh5+ 1-0

[Event "Exemplars-MotKnights"]
[Site "?"]
[Date "2000.05.18"]
[Round "1"]
[White "Sollano, E"]
[Black "Augsburger, L"]
[Result "1-0"]
[WhiteElo "1920"]
[BlackElo "1712"]
[PlyCount "91"]
[EventDate "2000.??.??"]

1. Nf3 Nf6 2. g3 d5 3. Bg2 g6 4. O-O Bg7 5. d3 O-O 6. Nbd2 Nbd7 7. Re1 c6 8. e4
dxe4 9. dxe4 Qb6 10. Qe2 e5 11. Nc4 Qc7 12. Nh4 Nb6 13. Ne3 Be6 14. b3 Rad8 15.
Bb2 Rd7 16. Rad1 16... Rfd8 { } 17. Bc3 Nc8 18. Rxd7 Rxd7 19. Nc4 Ne8 20. Nf3
f6 21. Qf1 Ned6 22. Nfd2 Nxc4 23. Nxc4 Nd6 24. Nxd6 Qxd6 25. Qe2 Qc5 26. Bb2
26... Qd6 { } 27. Bc1 b5 28. h4 a6 29. Bf3 c5 30. Qf1 c4 31. Rd1 Qc6 32. Rxd7
Qxd7 33. Qe1 cxb3 34. cxb3 Bf8 35. Be3 Kg7 36. Qc1 Kg8 37. Kh2 Bg4 38. Bg2 Be6
39. Qc3 39... Bd6 { } 40. Qa5 Qc8 41. Qb6 Be7 42. Qa7 42... Bd6 { } 43. Bh6 Bf8
44. Bxf8 Kxf8 45. Qxh7 Bf7 46. Qh8+ 1-0

[Event "MotKnights-Exemplars"]
[Site "?"]
[Date "2000.05.18"]
[Round "1"]
[White "Cygan, J"]
[Black "Friske, T"]
[Result "0-1"]
[WhiteElo "1640"]
[BlackElo "1974"]
[PlyCount "40"]
[EventDate "2000.??.??"]

1. e4 e6 2. d4 d5 3. e5 c5 4. c3 Nc6 5. Nf3 Qb6 6. a3 c4 7. g3 f6 8. exf6 Nxf6
9. Bh3 Bd6 10. O-O O-O 11. Re1 Re8 12. Nbd2 { } 12... e5 13. Bxc8 Raxc8 14.
dxe5 Bxe5 15. Nxe5 15... Nxe5 { } 16. Rxe5 Rxe5 17. Nf3 Re7 18. Rb1 Rce8 19.
Bg5 19... Re2 { } 20. Be3 R8xe3 0-1

[Event "Exemplars-MotKnights"]
[Site "?"]
[Date "2000.05.17"]
[Round "1"]
[White "Cumberland, M"]
[Black "Thomson, J"]
[Result "0-1"]
[WhiteElo "1326"]
[BlackElo "1657"]
[PlyCount "103"]
[EventDate "2000.??.??"]

1. e3 d5 2. d3 e5 3. g3 c5 4. Nd2 Nc6 5. Ne2 Nf6 6. Bg2 Be7 7. b3 O-O 8. Bb2
Re8 9. O-O Bf8 10. a3 Bg4 11. h3 Bd7 12. Qe1 Qc7 13. Rb1 Rad8 14. Kh1 { } 14...
d4 15. e4 b5 16. Nf3 c4 17. b4 Ra8 18. dxc4 bxc4 19. Kg1 19... a6 { } 20. Nexd4
exd4 21. Nxd4 Rad8 22. c3 Nxd4 23. cxd4 Nxe4 24. Bxe4 Bxh3 25. Qc3 Bxf1 26.
Kxf1 Rxe4 27. Rd1 Qd6 28. Qxc4 Qf6 29. Kg2 Qe6 30. Qd3 30... Re2 { } 31. Rd2
Qe4+ 32. Qxe4 Rxe4 33. Kf3 Ree8 34. Re2 g6 35. g4 Bg7 36. Re4 Re6 37. Ke3 Rxe4+
38. Kxe4 Kf8 39. f4 Ke7 40. a4 Kd6 41. b5 axb5 42. axb5 Rb8 43. Ba3+ Kd7 44.
Bc5 Rxb5 45. Kd5 Rb1 46. Bd6 Bxd4 47. Be5 Bxe5 48. Kxe5 Ke7 49. f5 Rb5+ 50. Kf4
h5 51. Kg5 hxg4 52. Kxg4 0-1

[Event "Aces-CCDOC"]
[Site "?"]
[Date "2000.05.20"]
[Round "2"]
[White "Czerniecki, K"]
[Black "Seaton, E"]
[Result "1-0"]
[WhiteElo "1969"]
[BlackElo "1651"]
[PlyCount "65"]
[EventDate "2000.??.??"]

1. Nf3 e6 2. g3 Nc6 3. Bg2 Be7 4. O-O Nf6 5. d3 h5 6. e4 d6 7. Nbd2 e5 8. c3
Ng4 9. h3 Nh6 10. Nh2 g6 11. Ndf3 11... g5 { } 12. Ne1 Ng8 13. d4 Bf6 14. d5
Nce7 15. Be3 Ng6 16. Nd3 h4 17. g4 Bg7 18. Nf3 f6 19. c4 { } 19... Bxg4 20.
hxg4 h3 21. Bh1 Qd7 22. Nh2 Nh6 23. c5 O-O-O 24. Rc1 24... Nf4 { } 25. c6 Qf7
26. Qa4 a6 27. cxb7+ Kxb7 28. Qc6+ 28... Kb8 { } 29. Bxf4 (29. Qxa6 29... Nxd3
$4 30. Ba7+ ({shorter may be} 30. Rc3 {threat: Rb3#}) 30... Ka8 { } 31. Bb6+
Kb8 32. Qa7+ Kc8 33. Rxc7+ Qxc7 34. Qxc7#) 29... gxf4 30. Qxa6 30... Nxg4 { }
31. Rc3 c6 32. Rb3+ Kc7 33. Qb7# 1-0

[Event "Aces-Dragons"]
[Site "?"]
[Date "2000.05.11"]
[Round "1"]
[White "Allen, H"]
[Black "Ogasawara, L"]
[Result "0-1"]
[WhiteElo "1962"]
[BlackElo "1849"]
[PlyCount "70"]
[EventDate "2000.??.??"]

1. d4 Nf6 2. c4 c5 3. e3 cxd4 4. exd4 g6 5. Nf3 d6 6. Nc3 Bg7 7. Be2 O-O 8. O-O
Nc6 9. Bg5 h6 10. Be3 d5 11. h3 dxc4 12. Bxc4 e6 13. Qd2 Kh7 14. Rfd1 Ne7 15.
Qe2 Ned5 16. Bc1 Bd7 17. Ne4 Nxe4 18. Qxe4 Bc6 19. Qe2 Rc8 20. Ne5 Qc7 21. Bb3
a6 22. Bd2 Bb5 23. Qe1 Qb6 24. Ba5 Qd6 25. Rac1 Bxe5 26. dxe5 Qd7 27. Rxc8 Rxc8
28. Qe4 Bc6 29. Qh4 Qe7 30. Qd4 Qg5 31. g3 Qf5 32. g4 Qf3 33. Rd3 { } 33... Ne3
34. Bd5 Bxd5 35. Qxd5 Rc1+ 0-1

[Event "Exemplars-UOP"]
[Site "?"]
[Date "2000.05.20"]
[Round "2"]
[White "Benesa, A"]
[Black "Stevanovic, M"]
[Result "0-1"]
[WhiteElo "2252"]
[BlackElo "2213"]
[PlyCount "88"]
[EventDate "2000.??.??"]

1. Nf3 f5 2. g3 Nf6 3. c4 g6 4. Nc3 Bg7 5. Bg2 d6 6. d4 O-O 7. O-O Qe8 8. d5 c6
9. h3 Na6 10. Be3 Nc7 11. Rc1 { } 11... c5 12. Qd2 b5 13. cxb5 Nxb5 14. Bh6
Nxc3 15. bxc3 Ne4 16. Qe3 Qa4 17. Bxg7 Kxg7 18. Ng5 Nxg5 19. Qxg5 Rf7 20. Qd2
Qc4 21. e3 Rb8 22. Rfe1 Qa4 23. e4 Qa3 24. e5 Rb2 25. Qf4 { } 25... Qa6 26. a4
Kg8 27. Rb1 Rxb1 28. Rxb1 dxe5 29. Qxe5 { } 29... Qd6 30. f4 Rf8 31. Rb8 Qxe5
32. fxe5 Ba6 33. Rb2 Rd8 34. Kf2 Kf7 35. Ke3 h6 36. Kf4 Rc8 37. g4 fxg4 38.
hxg4 Rd8 39. Ke4 Bc4 40. Rf2+ Kg7 41. Rd2 Kf7 42. Ke3 g5 43. Ke4 Bb3 44. Bf3
44... Kg7 { Wh flagged} 0-1

[Event "UOP-Exemplars"]
[Site "?"]
[Date "2000.05.20"]
[Round "2"]
[White "Buerger, E"]
[Black "Inumerable, F"]
[Result "0-1"]
[WhiteElo "2056"]
[BlackElo "2277"]
[PlyCount "74"]
[EventDate "2000.??.??"]

1. d4 d5 2. c4 c6 3. Nc3 Nf6 4. Bg5 Nbd7 5. e3 g6 6. Nf3 Bg7 7. Bd3 O-O 8. O-O
h6 9. Bh4 dxc4 10. Bxc4 Nb6 11. Bb3 11... Nbd5 { } 12. e4 Nxc3 13. bxc3 Nxe4
14. Qc2 14... Bf5 { } 15. g4 Ng5 16. gxf5 Nxf3+ 17. Kh1 Nxh4 18. fxg6 Qd6 19.
gxf7+ Rxf7 20. Qe4 Qf6 21. Rae1 Raf8 22. Re3 Kh8 23. Bxf7 Rxf7 24. f4 { } 24...
Qf5 25. Qxf5 Nxf5 26. Re6 Kh7 27. Kg2 Bf6 28. Rb1 Nd6 29. Rb3 { } 29... Bh4 30.
c4 Rxf4 31. c5 31... Nb5 { } 32. d5 Nd4 33. dxc6 bxc6 34. Ree3 Nxb3 35. Rxb3
Ra4 36. Kh3 Bf6 37. a3 Ra5 0-1

[Event "Exemplars-UOP"]
[Site "?"]
[Date "2000.05.20"]
[Round "2"]
[White "Gazmen, B"]
[Black "Sajbel, P"]
[Result "1/2-1/2"]
[WhiteElo "2098"]
[BlackElo "1913"]
[PlyCount "109"]
[EventDate "2000.??.??"]

1. e4 c6 2. d4 d5 3. Nc3 dxe4 4. f3 exf3 5. Nxf3 Bg4 6. Bc4 e6 7. O-O Nf6 8.
Be3 Bd6 9. Qe1 Nbd7 10. Ng5 Qe7 11. Qf2 Bf5 12. h3 h6 13. Nf3 Nb6 14. Bb3 Nbd5
15. Nxd5 15... exd5 { } 16. Ne5 Be6 17. Bf4 Ne4 18. Qe3 O-O-O 19. Rae1 Rhg8 20.
Bh2 g5 21. g4 f6 22. Nf3 22... h5 { } 23. Bxd6 Qxd6 24. Nd2 hxg4 25. Nxe4 dxe4
26. Rxf6 Rge8 27. c3 Qd7 28. Bxe6 Rxe6 29. Rxe6 29... Qxe6 { } 30. Qxe4 Qxe4
31. Rxe4 gxh3 32. Kh2 Rh8 33. Re7 g4 34. Rg7 Rh4 35. a4 a5 36. Rg5 Kc7 37. Rg7+
Kb6 38. Rg8 Ka7 39. Rg5 Ka6 40. Rg8 Ka7 41. Rg5 b6 42. Rg7+ Kb8 43. Rg6 Kc7 44.
Rg7+ Kb8 45. Rg6 Kc7 46. Rg7+ Kd6 47. Rg5 Ke7 48. Re5+ Kf6 49. Re1 Kg5 50. Kg3
Rh6 51. Re5+ Kf6 52. Re2 Kf5 53. Re5+ Kf6 54. Re1 { } 54... Kf5 (54... h2 $3 {
the forced Pawn ending is won for Black, since White King too far from
Queenside.} 55. Kg2 (55. Rf1+ 55... Ke6 {and King still goes hunting for Pawns}
) (55. Rh1 b5 56. Rxh2 (56. axb5 cxb5 57. Rxh2 (57. Kxg4 Ke6 58. Kf4 Kd5 59.
Ke3 b4) 57... Rxh2 58. Kxh2 Kf5 59. Kg3 Ke4 60. Kxg4 b4) (56. Kxg4 bxa4 57. Kg3
Ke6) (56. b3 bxa4 57. bxa4 57... Ke6 {and win c3-Pawn}) 56... Rxh2 57. Kxh2
bxa4 58. Kg3 Kf5 59. Kh4 a3 60. bxa3 Ke4 61. Kxg4 Kd3 62. Kf4 Kxc3 63. Ke4 Kb3)
55... h1=Q+ 56. Rxh1 Rxh1 57. Kxh1 Kf5 58. Kg2 58... b5 {
wins just like Line B above}) 55. Re5+ 1/2-1/2

[Event "UOP-Exemplars"]
[Site "?"]
[Date "2000.05.20"]
[Round "2"]
[White "Boldingh, E"]
[Black "Friske, T"]
[Result "0-1"]
[WhiteElo "1846"]
[BlackElo "1974"]
[PlyCount "78"]
[EventDate "2000.??.??"]

1. g4 d5 2. Bg2 e5 3. h3 c6 4. d4 Nd7 5. c4 dxc4 6. Nc3 Qb6 7. e3 Bd6 8. Nge2
Ne7 9. Ne4 Bc7 10. Qc2 Ng6 11. Qxc4 Ndf8 12. Ng5 Ne6 13. Ne4 { } 13... Nh4 14.
O-O Nxg2 15. Kxg2 Bd7 16. Bd2 exd4 17. exd4 O-O-O 18. Be3 Qa5 19. N4c3 { }
19... b5 20. Qb3 h5 21. g5 b4 22. Ne4 Qf5 23. N2g3 { } 23... Nf4+ 24. Bxf4 Qxf4
25. Qd3 h4 26. Nc5 Kb8 27. Na6+ Kc8 28. Nc5 Kb8 29. Na6+ Ka8 30. Nxc7+ Qxc7 31.
Ne4 Bf5 32. Qf3 Rd5 33. Nc5 33... Bc8 { } 34. Rfe1 Rxg5+ 35. Kh1 Rf5 36. Qg2
Rh6 37. Re2 Rhf6 38. Rf1 38... Rf3 { } 39. Qh2 39... Rxh3 {Wh flagged} 0-1

[Event "Exemplars-UOP"]
[Site "?"]
[Date "2000.05.20"]
[Round "2"]
[White "Sollano, E"]
[Black "Lechnick, J"]
[Result "0-1"]
[WhiteElo "1920"]
[BlackElo "1820"]
[PlyCount "98"]
[EventDate "2000.??.??"]

1. Nf3 b6 2. d3 Bb7 3. Nbd2 d6 4. g3 Nd7 5. Bg2 Ngf6 6. O-O e5 7. e4 Be7 8. Re1
O-O 9. Nf1 Nc5 10. Bd2 Nfd7 11. Ne3 11... g6 { } 12. b4 Ne6 13. Nd5 Bxd5 14.
exd5 Ng7 15. d4 Bf6 16. c3 Nf5 17. dxe5 Nxe5 18. Nxe5 Bxe5 19. Qc1 Re8 20. Bg5
Qb8 21. Rb1 21... h6 { } 22. Bd2 g5 23. Qc2 Ne7 24. Be4 Kg7 25. c4 Qc8 26. Bd3
Ng6 27. Bxg6 fxg6 28. Bc3 Qf5 29. Bxe5+ 29... Rxe5 { } 30. Rxe5 Qxc2 31. Re7+
Kf6 32. Rbe1 g4 33. R7e4 h5 34. R1e2 Qb1+ 35. Kg2 35... Rf8 { } 36. Re7 Rf7 37.
R7e4 Qxb4 38. h3 gxh3+ 39. Kxh3 Qb2 40. Kg2 Kg7 41. f4 b5 42. cxb5 Qxb5 43. Rd2
g5 44. Red4 gxf4 45. gxf4 Kh6 46. Re4 Rg7+ 47. Kf2 Qc5+ 48. Rdd4 { } 48... Qc2+
49. Re2 Rg2+ 0-1